[Event "Karvina op"]
[Site "Karvina"]
[Date "2015.06.30"]
[Round "4"]
[White "Zimniok, Zdenek"]
[Black "Sramek, Vojtech"]
[Result "0-1"]
[WhiteElo "1875"]
[BlackElo "1600"]
[PlyCount "108"]
[EventDate "2015.06.27"]
[EventType "swiss"]
[EventRounds "9"]
[EventCountry "CZE"]
[SourceTitle "CBM 167 Extra"]
[Source "ChessBase"]
[SourceDate "2015.09.14"]
[SourceVersion "1"]
[SourceVersionDate "2015.09.14"]
[SourceQuality "1"]

1. e4 c5 2. c3 d5 3. e5 Nc6 4. Bb5 Qb6 5. Bxc6+ Qxc6 6. Nf3 Bf5 7. d4 c4 8. 0-0 e6 9. Re1 Ne7 10. Bg5 h6 11. Bxe7 Bxe7 12. h3 0-0 13. Nh2 Rfc8 14. Ng4 b5 15. Ne3 Bg6 16. Qg4 b4 17. f4 Qd7 18. Rf1 Bd3 19. Rf2 Rab8 20. f5 Bg5 21. fxe6 fxe6 22. Nd1 Rf8 23. Rf3 Rxf3 24. gxf3 Qf7 25. h4 Bc1 26. cxb4 Rxb4 27. Qg2 Qg6 28. b3 Qxg2+ 29. Kxg2 cxb3 30. axb3 Rxb3 31. Nbc3 Bd2 32. Na4 Rb1 33. Rxb1 Bxb1 34. Nc5 Kf7 35. Kf2 a5 36. Ke2 Bb4 37. Na6 Bc2 38. Ne3 Bb3 39. Nxb4 axb4 40. f4 Bc4+ 41. Kd2 g5 42. fxg5 hxg5 43. hxg5 Kg6 44. Ng4 Kxg5 45. Nf6 Kf4 46. Ne8 Ke4 47. Nc7 Kxd4 48. Nxe6+ Kxe5 49. Nc5 d4 50. Na4 d3 51. Nb2 Kd4 52. Na4 Bb3 53. Nb2 Bc2 54. Kc1 Kc3 0-1

[Event "Karvina op"]
[Site "Karvina"]
[Date "2015.06.27"]
[Round "1"]
[White "Novak, Jan2222"]
[Black "Zimniok, Zdenek"]
[Result "0-1"]
[WhiteElo "1365"]
[BlackElo "1875"]
[PlyCount "82"]
[EventDate "2015.06.27"]
[EventType "swiss"]
[EventRounds "9"]
[EventCountry "CZE"]
[SourceTitle "CBM 167 Extra"]
[Source "ChessBase"]
[SourceDate "2015.09.14"]
[SourceVersion "1"]
[SourceVersionDate "2015.09.14"]
[SourceQuality "1"]

1. e4 d6 2. d4 Nf6 3. Nc3 g6 4. Be3 Bg7 5. Qd2 0-0 6. Bh6 e5 7. Bxg7 Kxg7 8. d5 c6 9. Bc4 b5 10. Bb3 b4 11. Nce2 a5 12. Ng3 c5 13. a4 Qc7 14. c4 bxc3 15. bxc3 c4 16. Bd1 Nbd7 17. Be2 Ba6 18. Qa2 Rab8 19. Nf3 Rb3 20. Qc2 Rfb8 21. Nd2 Rb2 22. Qc1 Nc5 23. 0-0 Ncxe4 24. Ndxe4 Nxe4 25. Nxe4 Rxe2 26. Re1 Rxe1+ 27. Qxe1 Rb2 28. Rb1 Rb3 29. Qc1 Bb7 30. Rxb3 cxb3 31. c4 Bxd5 32. Nxd6 Qxd6 33. cxd5 Qxd5 34. h3 Qd4 35. Qe1 b2 36. Kh1 e4 37. g3 Qc4 38. Kh2 Qc1 39. Qxa5 b1Q 40. Qe5+ Kh6 41. g4 Qg1# 0-1

[Event "Karvina op"]
[Site "Karvina"]
[Date "2014.07.06"]
[Round "9"]
[White "Zimniok, Zdenek"]
[Black "Kutalek, Jan"]
[Result "0-1"]
[WhiteElo "1935"]
[BlackElo "1707"]
[PlyCount "144"]
[EventDate "2014.06.28"]
[EventType "swiss"]
[EventRounds "9"]
[EventCountry "CZE"]
[SourceTitle "CBM 161 Extra"]
[Source "ChessBase"]
[SourceDate "2014.08.29"]
[SourceVersion "1"]
[SourceVersionDate "2014.08.29"]
[SourceQuality "1"]

1. e4 e6 2. d4 d5 3. e5 c5 4. c3 Nc6 5. Nf3 Qb6 6. Be2 f5 7. 0-0 cxd4 8. cxd4 Nge7 9. Nc3 Ng6 10. a3 Be7 11. b4 Bd7 12. Na4 Qd8 13. Nc5 b6 14. Nxd7 Qxd7 15. Bg5 0-0 16. Rc1 Rac8 17. Bb5 Qb7 18. h4 Bxg5 19. Nxg5 a6 20. Bxc6 Rxc6 21. Nxh7 Rxc1 22. Qxc1 Kxh7 23. Qg5 Nh8 24. f4 Nf7 25. Qh5+ Nh6 26. Qg5 Re8 27. h5 Qe7 28. Qg6+ Kg8 29. Rc1 Qf7 30. Rc6 Qxg6 31. hxg6 Rb8 32. Rxe6 Ng4 33. Rd6 Ne3 34. Kf2 Nd1+ 35. Ke1 Nc3 36. e6 Kf8 37. Rd7 Nb5 38. Rf7+ Kg8 39. Rxf5 Nxd4 40. Re5 Rf8 41. e7 Re8 42. Kd2 Nc6 43. Rxd5 Nxe7 44. Rd6 Nc8 45. Rc6 Kf8 46. g4 Rd8+ 47. Ke2 Ke7 48. g5 Kd7 49. Rc3 Rf8 50. Kf3 Ne7 51. Kg4 Nxg6 52. f5 Ne7 53. Rd3+ Kc6 54. Rf3 Kd6 55. Rd3+ Nd5 56. Rd2 Re8 57. Kh5 Re2 58. Rd1 Ke5 59. Rf1 Nf4+ 60. Kg4 Rg2+ 61. Kf3 Kxf5 62. Rd1 Ra2 63. Rd7 Rxa3+ 64. Kf2 Kxg5 65. Rxg7+ Kf6 66. Rb7 b5 67. Rd7 Ke5 68. Ke1 Nd5 69. Kd1 Kd4 70. Kc2 Kc4 71. Kb2 Rh3 72. Rd6 Nxb4 0-1

[Event "Karvina op"]
[Site "Karvina"]
[Date "2014.06.29"]
[Round "2"]
[White "Sobek, Jaroslav"]
[Black "Zimniok, Zdenek"]
[Result "1-0"]
[WhiteElo "2324"]
[BlackElo "1935"]
[PlyCount "71"]
[EventDate "2014.06.28"]
[EventType "swiss"]
[EventRounds "9"]
[EventCountry "CZE"]
[SourceTitle "CBM 161 Extra"]
[Source "ChessBase"]
[SourceDate "2014.08.29"]
[SourceVersion "1"]
[SourceVersionDate "2014.08.29"]
[SourceQuality "1"]

1. e4 e5 2. Nf3 Nc6 3. Bb5 a6 4. Ba4 Nf6 5. 0-0 d6 6. Re1 Be7 7. c3 Bg4 8. d3 Qd7 9. Nbd2 h5 10. Nf1 h4 11. h3 Bh5 12. N1h2 Rg8 13. Kh1 g5 14. Qc2 g4 15. Nxh4 gxh3 16. g3 Ng4 17. Nf5 Nxh2 18. Kxh2 b5 19. Bb3 Bg6 20. Bd5 Bxf5 21. exf5 0-0-0 22. a4 b4 23. Qe2 b3 24. Qe4 Na5 25. Bxf7 d5 26. Qxe5 Bd6 27. Bxg8 Bxe5 28. Be6 Bf6 29. Bf4 Kb7 30. Bxd7 Rxd7 31. Kxh3 Nc6 32. Re6 Bh8 33. a5 d4 34. c4 Nb4 35. Ra3 c5 36. Rxb3 1-0